|
|
|
|
| LEADER |
00000cam a2200000 7i4500 |
| 001 |
0000014850 |
| 005 |
20080317.0 |
| 008 |
080306 |
| 020 |
|
|
|a 9836233687
|
| 090 |
0 |
0 |
|a ASA
|b MAL
|
| 100 |
0 |
|
|a A.Samad Said
|
| 245 |
1 |
4 |
|a Sungai mengalir lesu
|c A.Samad Said
|
| 260 |
|
|
|a Kuala Lumpur :
|b Dewan Bahasa dan Pustaka ,
|c 2005
|
| 650 |
|
0 |
|a Malay Fiction
|
| 999 |
|
|
|a 0000809107
|b Book
|c Adult Collection
|e Cawangan Pontian
|
| 999 |
|
|
|a 0000809119
|b Book
|c Adult Collection
|e Cawangan Segamat
|
| 999 |
|
|
|a 0000809146
|b Book
|c Adult Collection
|e Cawangan Bandar Penawar
|
| 999 |
|
|
|a 0001016400
|b Book
|c Adult Collection
|e Perbadanan Perpustakaan Awam Johor
|
| 999 |
|
|
|a 0001016401
|b Book
|c Adult Collection
|e Perbadanan Perpustakaan Awam Johor
|
| 999 |
|
|
|a 0001070656
|b Book
|c Adult Collection
|e Cawangan Segamat
|
| 999 |
|
|
|a 000809124
|b Book
|c Adult Collection
|e Cawangan Muar
|